<?xml version="1.0" encoding="UTF-8"?>
<collection xmlns="http://www.loc.gov/MARC21/slim">
  <record>
    <leader>00000nam  2200000   4500</leader>
    <controlfield tag="001">INLIS000000000020083</controlfield>
    <controlfield tag="005">20250520023538</controlfield>
    <datafield tag="035" ind1="#" ind2="#">
      <subfield code="a">0010-0525000166</subfield>
    </datafield>
    <controlfield tag="007">ta</controlfield>
    <controlfield tag="008">250520################g##########0#ind##</controlfield>
    <datafield tag="020" ind1="#" ind2="#">
      <subfield code="a">979 518 697 3</subfield>
    </datafield>
    <datafield tag="082" ind1="#" ind2="#">
      <subfield code="a">371.36</subfield>
    </datafield>
    <datafield tag="084" ind1="#" ind2="#">
      <subfield code="a">371.36 SUR p</subfield>
    </datafield>
    <datafield tag="100" ind1=" " ind2="#">
      <subfield code="a">Suryosubroto, B.</subfield>
    </datafield>
    <datafield tag="245" ind1="1" ind2="#">
      <subfield code="a">Proses Belajar Mengajar di Sekolah :</subfield>
      <subfield code="b">Wawasan Baru, Beberapa Metode Pendukung, dan Beberapa Komponen Layanan Khusus /</subfield>
      <subfield code="c">B. Suryosubroto</subfield>
    </datafield>
    <datafield tag="250" ind1="#" ind2="#">
      <subfield code="a">Cetakan ke 1</subfield>
    </datafield>
    <datafield tag="260" ind1="#" ind2="#">
      <subfield code="a">Jakarta :</subfield>
      <subfield code="b">Rineka Cipta,</subfield>
      <subfield code="c">1997</subfield>
    </datafield>
    <datafield tag="300" ind1="#" ind2="#">
      <subfield code="a">300 halaman :</subfield>
      <subfield code="b">ilus ;</subfield>
      <subfield code="c">21 cm</subfield>
    </datafield>
    <datafield tag="650" ind1="#" ind2="4">
      <subfield code="a">Metode Pengajaran Tertentu, Metode Pembelajaran Tertentu</subfield>
    </datafield>
    <datafield tag="520" ind1="#" ind2="#">
      <subfield code="a">Salah satu upaya untuk meningkatkan mutu pendidikan di sekolah ialah dengan cara melalui perbaikan proses belajar mengajar. Berbagai konsep dan wawasan baru tentang proses belajar mengajar di sekolah telah muncul dan berkembang seiring pesatnya perkembangan ilmu pengetahuan dan teknologi. Guru sebagai personel yang menduduki posisi strategis dalam rangka pengembangan sumber daya manusia dituntut untuk terus mengikuti berkembangnya konsep-konsep baru dalam dunia kepengajaran tersebut.&#13;
&#13;
Demikian pula para supervisor pendidikan, pengawas, penilik, dan pengelola lembaga pendidikan seyogyanyalah selalu mengikuti perkembangan itu.&#13;
&#13;
Buku ini disusun untuk membantu menambah bahan koleksi pustaka yang relevan dengan kebutuhan para pendidik dan pengelola pendidikan tersebut. Lebih tepat lagi sebagai salah satu literatur yang diharapkan bermanfaat bagi calon-calon guru (mahasiswa S1, mahasiswa D2, dan mahasiswa D3) yang sedang mempersiapkan diri di lembaga Pendidikan maupun bagi para guru yang sudah bekerja di lapangan, khususnya di Sekolah Dasar dan Sekolah Menengah.</subfield>
    </datafield>
    <datafield tag="990" ind1="#" ind2="#">
      <subfield code="a">160718495</subfield>
    </datafield>
  </record>
</collection>
